[Event "?"]
[Site "?"]
[Date "2021.09.12"]
[Round "2"]
[White "Абылкасымов, Кайратбек.."]
[Black "Ахмедов, Давид.."]
[Result "1/2-1/2"]
[WhiteElo "1000"]
[BlackElo "2041"]
[Annotator "user"]
[PlyCount "193"]
[EventDate "2021.??.??"]

{[%evp 0,122,34,39,50,15,6,-26,-12,-27,-17,-7,23,-16,37,30,49,42,34,-3,51,55,
40,43,82,48,42,21,47,24,37,23,18,54,36,48,52,35,49,35,56,7,9,6,-22,-22,-25,-30,
-25,-36,-2,-20,78,64,110,64,84,64,108,116,87,105,159,194,206,178,232,235,242,
240,242,242,240,240,238,241,249,230,248,244,244,241,246,228,231,230,254,221,
232,178,187,166,149,149,149,142,161,84,84,79,86,78,76,75,76,68,68,63,75,27,24,
0,21,21,20,20,18,20,18,16,19,0,0,13,21]} 1. e4 c5 2. c3 d5 3. exd5 Qxd5 4. d4
Nc6 5. Nf3 Bg4 6. Be2 cxd4 7. cxd4 e6 8. O-O Nf6 9. h3 Bh5 10. Nc3 Qa5 11. Be3
Bd6 12. Qb3 Qb4 13. Rfd1 Rd8 14. g4 Bg6 15. Ne5 Qxb3 16. axb3 Bc2 17. Rdc1 Bxb3
18. Nxc6 bxc6 19. Rxa7 O-O 20. Bf3 Nd5 21. Ne4 Bf4 22. Re1 Nxe3 23. fxe3 Bb8
24. Ra6 Bd5 25. Nd2 c5 26. dxc5 Be5 27. Rb6 Bc7 28. Rb5 Rb8 29. Rxb8 Rxb8 30.
Bxd5 Rxb2 31. Nc4 Rb4 32. e4 exd5 33. exd5 Kf8 34. Re4 Rb5 35. d6 Rxc5 36. dxc7
Rxc7 37. Kg2 g6 38. Kg3 Kg7 39. Rd4 Rc5 40. h4 Rb5 41. Rf4 f6 42. Nd6 Rb6 43.
Nc4 Rb5 44. Ne3 h5 45. Rd4 Rb3 46. Kf2 g5 47. gxh5 Kh6 48. Rd8 Kxh5 49. Rh8+
Kg6 50. h5+ Kg7 51. Re8 Kh6 52. Rh8+ Kg7 53. Ra8 Kh6 54. Ng4+ Kxh5 55. Nxf6+
Kg6 56. Ne4 Kf5 57. Ng3+ Kg4 58. Ne2 Rb4 59. Ra3 Rb2 60. Ra4+ Kf5 61. Rc4 Ra2
62. Ke3 Ra3+ 63. Nc3 Rb3 64. Kf3 Rb8 65. Rc5+ Kg6 66. Ne4 Rf8+ 67. Kg3 Rf5 68.
Rc6+ Kg7 69. Nd6 Rf4 70. Nc4 Re4 71. Nd2 Rf4 72. Nf3 Rf5 73. Ng1 Kf7 74. Kg4
Ra5 75. Nf3 Ke7 76. Rh6 Kd7 77. Nxg5 Kc7 78. Ne4 Ra1 79. Kf4 Rd1 80. Ke5 Kb7
81. Nc3 Re1+ 82. Kd5 Rf1 83. Kc5 Re1 84. Kb4 Kc7 85. Kc4 Kd7 86. Kd4 Rg1 87.
Ne4 Rd1+ 88. Ke5 Kc7 89. Rh2 Kc6 90. Rc2+ Kd7 91. Nf6+ Kd8 92. Nd5 Rh1 93. Ke6
Rh6+ 94. Nf6 Rh1 95. Ng4 Rh7 96. Nf6 Rh6 97. Kf5 1/2-1/2

[Event "?"]
[Site "?"]
[Date "2021.09.12"]
[Round "2"]
[White "Амирджанян, Владимир."]
[Black "Камаев, Джабраил."]
[Result "1/2-1/2"]
[WhiteElo "2031"]
[BlackElo "1943"]
[PlyCount "227"]

1. d4 d6 2. Nf3 g6 3. c4 Bg7 4. Nc3 Nd7 5. e4 e5 6. Be2 Ne7 7. Be3 O-O 8. Qd2
exd4 9. Bxd4 Nc6 10. Bxg7 Kxg7 11. O-O Re8 12. Nd4 Nc5 13. f3 a5 14. Nd5 Be6
15. Nb5 Rc8 16. Rfd1 b6 17. Qc3+ f6 18. b3 Ne5 19. Ne3 Bd7 20. a3 Ne6 21. Rd2
Nf4 22. Rad1 Qe7 23. Nd5 Nxd5 24. cxd5 Bxb5 25. Bxb5 Rf8 26. Rc2 Rf7 27. Rdc1
Kg8 28. Ba6 Ra8 29. Be2 Ra7 30. Qd4 g5 31. Rc3 Ng6 32. R1c2 f5 33. Re3 f4 34.
Rec3 Ne5 35. a4 Qf6 36. Qd2 h5 37. Qc1 g4 38. Rxc7 gxf3 39. Rxa7 Rxa7 40. Rc8+
Kh7 41. Rc7+ Rxc7 42. Qxc7+ Kh6 43. gxf3 Qg7+ 44. Qxg7+ Kxg7 45. Kg2 Nd7 46. h4
Nc5 47. Bc4 Kf6 48. Kf2 Ke5 49. Ke2 Kd4 50. Kd2 Nd7 51. Bb5 Ne5 52. Ke2 Ng6 53.
Be8 Nxh4 54. Bxh5 Ng2 55. Kd2 Ne3 56. Be8 Nf1+ 57. Ke2 Ne3 58. Kd2 Ng2 59. Bf7
Nh4 60. Bh5 Ng2 61. Bf7 Ne3 62. Be8 Nf1+ 63. Ke2 Ne3 64. Kd2 Kc5 65. Kc3 Nd1+
66. Kc2 Nf2 67. Kc3 Nh3 68. Bh5 Ng5 69. Kd3 Nh7 70. Kc3 Nf6 71. Bg4 Nh7 72. Bh5
Ng5 73. Kd3 Nh7 74. Kc3 Nf6 75. Bg4 Ng8 76. Kd3 Ne7 77. Bh5 Ng8 78. Kc3 Nf6 79.
Bg4 Nh7 80. Kd3 Ng5 81. Bh5 Nh3 82. Kc3 Ng1 83. Kd3 Nh3 84. Kc3 Ng5 85. Kd3 Nh7
86. Bg6 Nf6 87. Bf5 Nh5 88. Kc3 Ng3 89. Bg4 Ne2+ 90. Kd3 Nd4 91. Kc3 Ne2+ 92.
Kd3 Nd4 93. Kc3 b5 94. axb5 Nxb5+ 95. Kd3 Nd4 96. Kc3 Nb5+ 97. Kd3 Nc7 98. Bd7
Na6 99. Kc3 Nc7 100. Bc6 Na6 101. Bd7 Nc7 102. Ba4 Na8 103. Bd7 Nb6 104. Be6
Na8 105. Bg4 Nc7 106. Bd7 Na6 107. Ba4 Nb4 108. Be8 Na2+ 109. Kb2 Nb4 110. Kc3
Na2+ 111. Kb2 Nb4 112. Kc3 Na2+ 113. Kb2 Nb4 114. Kc3 1/2-1/2

[Event "?"]
[Site "?"]
[Date "2021.09.12"]
[Round "2"]
[White "Володин, Виктор."]
[Black "Ба~~алиашвили, Эдуард."]
[Result "1/2-1/2"]
[WhiteElo "2039"]
[BlackElo "1947"]
[PlyCount "27"]

1. Nf3 d5 2. d4 Nf6 3. c4 e6 4. g3 Be7 5. Bg2 O-O 6. O-O dxc4 7. Qc2 a6 8. a4
Bd7 9. Ne5 Bc6 10. Nxc6 Nxc6 11. e3 Na5 12. Nd2 c5 13. Nxc4 cxd4 14. Nxa5
1/2-1/2

[Event "?"]
[Site "?"]
[Date "2021.09.12"]
[Round "2"]
[White "Иванников, Максим."]
[Black "Матo^нин, Владислав."]
[Result "1-0"]
[WhiteElo "1956"]
[BlackElo "1993"]
[PlyCount "95"]

1. e4 Nf6 2. e5 Nd5 3. d4 d6 4. c4 Nb6 5. exd6 exd6 6. Bd3 Nc6 7. Ne2 Be7 8.
O-O Bg4 9. f3 Bh5 10. Nbc3 Qd7 11. b3 Bf6 12. Be4 O-O 13. Be3 Rae8 14. Qd2 Bd8
15. Rad1 f5 16. Bb1 Ne7 17. Nf4 Bf7 18. d5 Ng6 19. Nxg6 Bxg6 20. Nb5 Nc8 21.
Nd4 c6 22. Ne6 Rf7 23. Rfe1 cxd5 24. cxd5 Bb6 25. a4 Rf6 26. Bd4 Bf7 27. Bxb6
Nxb6 28. Nf4 Rxe1+ 29. Rxe1 h6 30. a5 Nc8 31. Bd3 Kh8 32. Qe3 Qd8 33. b4 Kg8
34. Bc4 a6 35. Bb3 Kf8 36. Rc1 Ne7 37. Qb6 Qxb6+ 38. axb6 g5 39. Ne6+ Bxe6 40.
dxe6 d5 41. Rc7 Rxe6 42. Rxb7 Re1+ 43. Kf2 Rb1 44. Rxe7 Rb2+ 45. Ke1 Kxe7 46.
b7 Rxb3 47. b8=Q Re3+ 48. Kf2 1-0

[Event "?"]
[Site "?"]
[Date "2021.09.12"]
[Round "2"]
[White "Финкельштейн, Александр."]
[Black "Коршунов, Сергей."]
[Result "0-1"]
[WhiteElo "1855"]
[BlackElo "2022"]
[PlyCount "100"]

1. d4 Nf6 2. c4 g6 3. Nc3 d5 4. cxd5 Nxd5 5. e4 Nxc3 6. bxc3 Bg7 7. Bc4 O-O 8.
Ne2 c5 9. O-O Nc6 10. Be3 Qc7 11. dxc5 Ne5 12. Bb3 Ng4 13. Bf4 Qxc5 14. h3 Ne5
15. Qd2 b6 16. Qd5 Ba6 17. Qxc5 bxc5 18. Bxe5 Bxe5 19. Rfe1 Rfd8 20. Rac1 Rd2
21. c4 Rad8 22. Nc3 Bb7 23. f3 e6 24. Nb1 Rb2 25. Rcd1 Rxd1 26. Rxd1 Bd4+ 27.
Kh1 a5 28. Na3 a4 29. Bxa4 Rxa2 30. Rd3 Bb2 31. Nc2 Rxa4 32. Rb3 Be5 33. Rxb7
Rxc4 34. f4 Bxf4 35. Rb2 Be5 36. Ra2 Rxe4 37. Kg1 Bg3 38. Ra3 Rc4 39. Ra2 h5
40. Kf1 Re4 41. Ra3 h4 42. Rc3 Rf4+ 43. Ke2 Rf2+ 44. Kd3 Bd6 45. Ne3 Bf4 46.
Ng4 Rxg2 47. Rxc5 f5 48. Nf6+ Kf7 49. Nh7 Kg7 50. Rc4 g5 0-1

[Event "?"]
[Site "?"]
[Date "2021.09.12"]
[Round "2"]
[White "Шогджиев, Роман."]
[Black "Ильина, Лада."]
[Result "1/2-1/2"]
[WhiteElo "1664"]
[BlackElo "1889"]
[PlyCount "98"]

1. e4 e6 2. d4 d5 3. exd5 exd5 4. Nf3 Bd6 5. Bd3 Bg4 6. O-O Nc6 7. c3 Nge7 8.
Bg5 f6 9. Bh4 Qd7 10. Nbd2 O-O-O 11. b4 h5 12. a4 g5 13. Bg3 Bf5 14. Nb3 h4 15.
Bxd6 Qxd6 16. b5 Nb8 17. Bxf5+ Nxf5 18. Ne1 Nh6 19. f4 g4 20. Qc2 Rde8 21. Nd3
h3 22. g3 Nf5 23. Rfe1 Ne3 24. Qe2 Qd7 25. Qxe3 Rxe3 26. Rxe3 Re8 27. Rae1 Rxe3
28. Rxe3 b6 29. Kf2 a6 30. Nbc5 bxc5 31. Nxc5 Qf7 32. bxa6 Nxa6 33. Nxa6 Qg6
34. Nc5 Kb8 35. Nd3 Ka7 36. Ke2 Qf5 37. Re7 Kb6 38. Kd2 Ka5 39. Re1 Kxa4 40.
Re7 Kb5 41. Ke3 c6 42. Kd2 Kc4 43. Re3 Qc8 44. Kc2 Qa6 45. Nb2+ Kb5 46. Kb1 Kb6
47. Nd3 Qa4 48. Nb2 Qa6 49. Nd3 Qa4 1/2-1/2

[Event "?"]
[Site "?"]
[Date "2021.09.12"]
[Round "2"]
[White "Гухман, Сергей."]
[Black "Задорожный, Егор."]
[Result "1-0"]
[WhiteElo "1915"]
[BlackElo "1641"]
[PlyCount "65"]

1. Nf3 Nf6 2. g3 g6 3. Bg2 Bg7 4. O-O O-O 5. c4 d6 6. d4 c5 7. Nc3 Nc6 8. d5
Na5 9. Nd2 Rb8 10. Qc2 a6 11. b3 b5 12. Bb2 e6 13. e4 e5 14. Ne2 Bd7 15. Nc1
bxc4 16. bxc4 Ne8 17. Nd3 f5 18. f4 Nf6 19. fxe5 Ng4 20. Rae1 Nxe5 21. Bxe5
dxe5 22. exf5 Bxf5 23. Ne4 Bxe4 24. Bxe4 Qd6 25. Qa4 Qb6 26. d6 Nb7 27. Qd7
Nxd6 28. Qe6+ Kh8 29. Nxe5 Qc7 30. Bd5 Rf5 31. Rxf5 gxf5 32. Qxd6 Bxe5 33.
Qxe5+ 1-0

[Event "?"]
[Site "?"]
[Date "2021.09.12"]
[Round "2"]
[White "Гриднев, Силантий."]
[Black "Медведев, Федор."]
[Result "1-0"]
[WhiteElo "2043"]
[BlackElo "1557"]
[PlyCount "65"]

1. Nf3 d5 2. d4 Nf6 3. c4 e6 4. Nc3 Nbd7 5. Bf4 Bd6 6. Bxd6 cxd6 7. cxd5 exd5
8. e3 b6 9. Nb5 Ne4 10. Rc1 O-O 11. Nc7 Rb8 12. Nxd5 b5 13. Qc2 Ndf6 14. Nxf6+
Nxf6 15. Qc7 Bf5 16. Qxd8 Rfxd8 17. Be2 b4 18. O-O b3 19. a3 Rdc8 20. Ba6 Rc2
21. Rxc2 bxc2 22. b4 Rb6 23. b5 Bd3 24. Rc1 Bxb5 25. Bxb5 Rxb5 26. Nd2 Rb2 27.
Kf1 Ne4 28. Ke2 Nc3+ 29. Kd3 Nd1 30. Nc4 Nxf2+ 31. Ke2 Rb1 32. Rxc2 Ne4 33. Nd2
1-0

[Event "?"]
[Site "?"]
[Date "2021.09.12"]
[Round "2"]
[White "Кишиев, Фамил.."]
[Black "Ратников, Михаил.."]
[Result "1-0"]
[WhiteElo "1861"]
[BlackElo "1939"]
[Annotator "user"]
[PlyCount "92"]
[EventDate "2021.??.??"]

{[%evp 0,92,15,25,22,7,9,-48,8,27,35,24,-1,-11,-4,-15,1,-16,-2,-34,-21,-26,-33,
-45,-3,-23,-22,-17,6,-1,6,-37,35,-22,7,4,62,27,14,15,20,-66,-28,-44,5,-17,65,
48,128,128,74,81,302,286,291,310,316,316,329,331,321,341,324,346,369,384,396,
417,428,412,432,348,378,371,452,391,401,396,439,449,462,378,378,329,378,378,
370,368,493,516,524,524,524,514,592]} 1. e4 e6 2. d3 d5 3. Nd2 c5 4. Ngf3 g6 5.
g3 Bg7 6. Bg2 Ne7 7. O-O O-O 8. Re1 Nbc6 9. e5 Qc7 10. Qe2 b6 11. Nf1 a5 12. h4
Nf5 13. c3 h5 14. Bf4 a4 15. a3 b5 16. Ng5 b4 17. Ne3 Nxe3 18. Qxe3 bxc3 19.
bxc3 Na5 20. Bxd5 exd5 21. e6 Qc6 22. exf7+ Kh8 23. Be5 Ra7 24. Ne6 Rfxf7 25.
Nd8 Qd7 26. Nxf7+ Qxf7 27. Qh6+ Kg8 28. Bxg7 Qxg7 29. Re8+ Kf7 30. Qxg7+ Kxg7
31. Rxc8 Rb7 32. Re1 c4 33. Rc5 Nb3 34. Rxd5 Nd2 35. Kg2 Rb3 36. dxc4 Nxc4 37.
Rd4 Rxc3 38. Ree4 Nxa3 39. Rxa4 Nb5 40. Re7+ Kf6 41. Rh7 Nd6 42. Ra6 Rd3 43.
Rh8 Kf7 44. Ra7+ Ke6 45. Rg8 Kf6 46. Rf8+ Ke6 1-0

[Event "?"]
[Site "?"]
[Date "2021.09.12"]
[Round "2"]
[White "Теймурханлы, Теймур."]
[Black "Гильфанов, Марат."]
[Result "1-0"]
[WhiteElo "1874"]
[BlackElo "1851"]
[PlyCount "37"]

1. e4 c5 2. Nf3 e6 3. d4 cxd4 4. Nxd4 Nf6 5. Nc3 Nc6 6. Ndb5 Bb4 7. Bf4 Nxe4 8.
Qf3 d5 9. Nc7+ Kf8 10. Nxa8 e5 11. Bd2 Nxd2 12. Qxd5 Nf3+ 13. Qxf3 Nd4 14.
O-O-O Qa5 15. Qe3 Bf5 16. Rxd4 exd4 17. Qxd4 Be6 18. Nc7 Bxc3 19. Qd8# 1-0

[Event "?"]
[Site "?"]
[Date "2021.09.12"]
[Round "2"]
[White "Хлыповка, Лада."]
[Black "Пани~~кин, Алексей."]
[Result "0-1"]
[WhiteElo "1555"]
[BlackElo "1700"]
[PlyCount "46"]

1. b4 e5 2. Bb2 Bxb4 3. Bxe5 Nf6 4. Nf3 Nc6 5. Bb2 d5 6. e3 Bf5 7. Bb5 O-O 8.
O-O Bd6 9. d3 Bg4 10. Nbd2 Ne5 11. d4 Nxf3+ 12. Nxf3 Ne4 13. Be2 Re8 14. Ne5
Bxe2 15. Qxe2 c5 16. f3 cxd4 17. fxe4 Rxe5 18. Bxd4 Rxe4 19. Qf3 Qe7 20. Rab1
b6 21. Qh5 Be5 22. Bxe5 Rxe5 23. Rxf7 Qe6 0-1

[Event "?"]
[Site "?"]
[Date "2021.09.12"]
[Round "2"]
[White "Вершинин, Игорь."]
[Black "Переверзев, Тимофей."]
[Result "1-0"]
[WhiteElo "1937"]
[BlackElo "1852"]
[PlyCount "55"]

1. e4 a6 2. d4 b5 3. a4 Bb7 4. Bd3 c6 5. Ne2 g6 6. O-O Bg7 7. e5 d6 8. exd6
exd6 9. Re1 Nd7 10. Bf4 Ndf6 11. Nbc3 Ne7 12. Ne4 Nxe4 13. Bxe4 O-O 14. Ng3 Qd7
15. c3 h5 16. h4 Nd5 17. Bg5 Nf6 18. Qf3 Nxe4 19. Nxe4 f5 20. Qh3 Qc7 21. Nd2
Rae8 22. Qg3 Kh7 23. Bf4 Rxe1+ 24. Rxe1 Rd8 25. Nf3 Qd7 26. Re6 Kg8 27. Rxg6
Kh8 28. Bxd6 1-0

[Event "?"]
[Site "?"]
[Date "2021.09.12"]
[Round "2"]
[White "Якушков, Павел."]
[Black "Емель~~енков, Иван."]
[Result "0-1"]
[WhiteElo "1811"]
[BlackElo "1741"]
[PlyCount "90"]

1. e4 c5 2. Nf3 Nc6 3. Bb5 g6 4. Bxc6 bxc6 5. O-O Bg7 6. h3 e5 7. d3 Ne7 8. Be3
d6 9. c3 O-O 10. d4 exd4 11. cxd4 c4 12. Nc3 d5 13. Qd2 Re8 14. e5 Nf5 15. Bg5
Qc7 16. Bf4 Be6 17. Na4 Bf8 18. Rac1 Rab8 19. g4 Ng7 20. Bg3 h5 21. Ng5 hxg4
22. hxg4 Qd7 23. f3 Bxg4 24. fxg4 Qxg4 25. Qf4 Qxf4 26. Rxf4 Nf5 27. Rxf5 gxf5
28. e6 f6 29. Bxb8 fxg5 30. Bxa7 Ra8 31. Bc5 Rxa4 32. e7 Bxe7 33. Bxe7 Rxa2 34.
Ba3 f4 35. Kf2 g4 36. Ke2 Kh7 37. Kd2 Kg6 38. Re1 g3 39. Rg1 Kf5 40. Kc3 Kg4
41. Bd6 Ra7 42. Rf1 f3 43. Rg1 g2 44. Kd2 Rb7 45. Kc2 Rh7 0-1

[Event "?"]
[Site "?"]
[Date "2021.09.12"]
[Round "2"]
[White "Давидян, Владимир."]
[Black "Макаренко, Кирилл."]
[Result "0-1"]
[WhiteElo "1418"]
[BlackElo "1821"]
[PlyCount "74"]

1. d4 Nf6 2. c4 e6 3. Nc3 d5 4. Bg5 Be7 5. e3 Nbd7 6. Nf3 O-O 7. Be2 h6 8. Bf4
dxc4 9. Bxc4 a6 10. O-O b5 11. Be2 Bb7 12. Ne5 Nxe5 13. Bxe5 c5 14. Bf3 Bxf3
15. Qxf3 Nd7 16. Ne4 Nxe5 17. dxe5 Qd5 18. Qf4 Rad8 19. h3 f5 20. exf6 Bxf6 21.
Nxf6+ Rxf6 22. Qg4 Qf5 23. Qxf5 Rxf5 24. Rfd1 Rfd5 25. Rxd5 Rxd5 26. b3 Rd2 27.
Rc1 Rxa2 28. Rxc5 Ra3 29. Rc3 a5 30. f4 Kf7 31. g4 Ke7 32. Kf2 a4 33. Rc7+ Kd6
34. Ra7 Ra2+ 35. Ke1 axb3 36. Rb7 Kc6 37. Rb8 b2 0-1

[Event "?"]
[Site "?"]
[Date "2021.09.12"]
[Round "2"]
[White "Силенко, Алексей."]
[Black "Данилина, Софья."]
[Result "0-1"]
[WhiteElo "1729"]
[BlackElo "1485"]
[PlyCount "104"]

1. e4 e6 2. c4 c5 3. Nc3 a6 4. Nf3 d6 5. Be2 Qc7 6. O-O Nf6 7. d4 cxd4 8. Nxd4
b6 9. Bf3 Bb7 10. Bg5 Nbd7 11. Rc1 Be7 12. Bxf6 Bxf6 13. Ndb5 axb5 14. Nxb5 Qb8
15. Nxd6+ Ke7 16. Nxb7 Bxb2 17. Rb1 Be5 18. c5 Qxb7 19. cxb6 Rxa2 20. Qb3 Ra6
21. Qb4+ Kf6 22. Rfd1 Rb8 23. Rbc1 Rxb6 24. Qa4 Nf8 25. g3 Rb4 26. Qa2 Qb6 27.
Qe2 Rb2 28. Rd2 Rxd2 29. Qxd2 Rd8 30. Qe2 Nd7 31. Bg2 Nc5 32. Qe3 Ke7 33. Qa3
Bd4 34. Kh1 Bxf2 35. Qf3 Nd3 36. Rf1 e5 37. Qh5 Rd6 38. Bh3 Qe3 39. Qf5 g6 40.
Qc8 Qxe4+ 41. Bg2 Qd4 42. Bc6 Rd8 43. Qb7+ Kf8 44. Qb3 Rd7 45. Kg2 Ra7 46. Rd1
Ne1+ 47. Kf1 Qc5 48. Be4 Bg1 49. Qb2 Bd4 50. Qb8+ Kg7 51. Kxe1 Qc3+ 52. Kf1 Ra2
0-1

[Event "?"]
[Site "?"]
[Date "2021.09.12"]
[Round "2"]
[White "Рататаев, Илья.."]
[Black "Федосов, Александр.."]
[Result "1/2-1/2"]
[WhiteElo "1835"]
[BlackElo "1834"]
[Annotator "user"]
[PlyCount "59"]
[EventDate "2021.??.??"]

{[%evp 0,59,16,28,79,69,76,65,51,-1,13,23,61,47,28,27,24,24,14,-8,-7,13,32,31,
29,-1,-2,0,51,50,42,42,53,-9,23,-52,-23,-53,-46,-46,-46,-136,-109,-20,-20,-48,
-48,-20,-38,-165,-32,-165,-165,-165,-165,-107,-81,-82,-57,-54,0,0]} 1. e4 c6 2.
d4 d5 3. exd5 cxd5 4. c4 Nf6 5. Nc3 g6 6. cxd5 Bg7 7. Bc4 O-O 8. Nf3 Nbd7 9.
O-O Nb6 10. Bb3 Nbxd5 11. Re1 b6 12. Nxd5 Nxd5 13. Bg5 Nf6 14. Ne5 Bb7 15. Rc1
e6 16. Rc3 Qd6 17. h4 Ne4 18. Rce3 Nxg5 19. hxg5 Rad8 20. Nxf7 Rxf7 21. Rxe6
Qf4 22. Re8+ Rxe8 23. Rxe8+ Bf8 24. Qe1 Qg4 25. Bxf7+ Kxf7 26. f3 Qxd4+ 27. Kh1
Qd7 28. Rb8 Bc6 29. Qc1 Qd4 30. Rxf8+ 1/2-1/2

[Event "?"]
[Site "?"]
[Date "2021.09.12"]
[Round "2"]
[White "Усов, Дмитрий."]
[Black "Ëo^цингер, Ирен."]
[Result "1/2-1/2"]
[WhiteElo "1828"]
[BlackElo "1779"]
[PlyCount "93"]

1. e4 c5 2. Nf3 Nc6 3. Bb5 Nf6 4. Bxc6 dxc6 5. d3 Bg4 6. Be3 Nd7 7. Nbd2 e5 8.
Qe2 Be7 9. h3 Bh5 10. c3 Qc7 11. O-O-O O-O-O 12. Kb1 Kb8 13. Nb3 Bg6 14. Nbd2
Bh5 15. Ka1 Ka8 16. h4 f6 17. d4 cxd4 18. cxd4 exd4 19. Bxd4 Ne5 20. Bc3 Bc5
21. Nb3 Bb6 22. Bxe5 fxe5 23. Rhg1 Bf7 24. Ng5 Bxb3 25. axb3 Qe7 26. Rxd8+ Rxd8
27. Rd1 Rxd1+ 28. Qxd1 Bd4 29. Kb1 h6 30. Nf3 Bxf2 31. Qf1 Bb6 32. Qc4 a6 33.
Qc3 Bc7 34. Qe1 Qd6 35. Qg3 Qd7 36. Ka2 Bb8 37. Qg6 Qc7 38. Kb1 Qe7 39. g3 Qd8
40. Kc2 Qf8 41. Qg4 Qc5+ 42. Kb1 Qb4 43. Ka2 Qa5+ 44. Kb1 Qb4 45. Ka2 Qe7 46.
Qg6 Qf8 47. Nd2 1/2-1/2

[Event "?"]
[Site "?"]
[Date "2021.09.12"]
[Round "2"]
[White "Афинеевский, Илья."]
[Black "Кокодеев, Илья."]
[Result "0-1"]
[WhiteElo "1643"]
[BlackElo "1739"]
[PlyCount "64"]

1. d4 Nf6 2. Nf3 d5 3. g3 g6 4. Bg2 Bg7 5. O-O b6 6. c4 Bb7 7. Ne5 O-O 8. Nc3
e6 9. Qa4 Qc8 10. Bg5 dxc4 11. e4 Nfd7 12. Nxc4 Bxd4 13. Rad1 Bg7 14. f4 h6 15.
Be7 Re8 16. Ba3 a5 17. Nb5 Bc6 18. e5 Bxg2 19. Kxg2 Bf8 20. Bxf8 Rxf8 21. Nc3
Nc5 22. Qc2 b5 23. Ne3 Nba6 24. Kh3 Qb7 25. Ng4 Rad8 26. Nf6+ Kg7 27. a3 b4 28.
Nce4 Nxe4 29. Qxe4 Qb5 30. Rfe1 Nc5 31. Qe2 Nd3 32. Rf1 b3 0-1

[Event "?"]
[Site "?"]
[Date "2021.09.12"]
[Round "2"]
[White "Фролов, Максим."]
[Black "Желнерови~~, Матвей."]
[Result "1/2-1/2"]
[WhiteElo "1701"]
[BlackElo "1618"]
[PlyCount "86"]

1. d4 Nf6 2. Nf3 g6 3. e3 d6 4. b3 Bg7 5. Bb2 O-O 6. Bd3 c5 7. dxc5 dxc5 8. O-O
Nc6 9. a3 b6 10. Nbd2 Bb7 11. Qe2 Qc7 12. Rfd1 a6 13. c4 Rfd8 14. Nf1 Rd7 15.
Ng3 Rad8 16. Bc2 Rxd1+ 17. Rxd1 Rxd1+ 18. Qxd1 Qd7 19. Qe2 Ne8 20. Bxg7 Kxg7
21. Ne4 f5 22. Nc3 Nf6 23. h3 e5 24. Na4 e4 25. Nd2 Qd8 26. Nb1 Ne5 27. Nb2 Qd6
28. Qd2 Qxd2 29. Nxd2 Nfd7 30. Kf1 Kf7 31. Ke2 g5 32. f3 exf3+ 33. gxf3 Ke6 34.
Nd1 h5 35. Nf2 Nf6 36. f4 gxf4 37. exf4 Ng6 38. Ke3 Nh4 39. Nd3 Ne4 40. Ne1
Nxd2 41. Kxd2 Bg2 42. Bd1 Bxh3 43. Bxh5 Ng2 1/2-1/2

[Event "?"]
[Site "?"]
[Date "2021.09.13"]
[Round "3"]
[White "Елецкий, Иван."]
[Black "Демидов, Михаил."]
[Result "1/2-1/2"]
[WhiteElo "2469"]
[BlackElo "2549"]
[PlyCount "32"]

1. e4 c6 2. d4 d5 3. e5 Bf5 4. h4 h5 5. Bg5 Qb6 6. Bd3 Qxd4 7. Nf3 Qg4 8. Bxf5
Qxf5 9. O-O f6 10. c4 dxc4 11. exf6 gxf6 12. Be3 Bh6 13. Re1 Na6 14. Nc3 e5 15.
Qd6 Bf8 16. Qd1 Bh6 1/2-1/2

[Event "?"]
[Site "?"]
[Date "2021.09.13"]
[Round "3"]
[White "Павлов, Данила."]
[Black "Погосян, Стефан."]
[Result "1/2-1/2"]
[WhiteElo "2390"]
[BlackElo "2400"]
[PlyCount "108"]

1. e4 c5 2. Nf3 Nc6 3. d4 cxd4 4. Nxd4 Qc7 5. Nc3 e6 6. g3 a6 7. Bg2 Nf6 8. O-O
Bc5 9. Nb3 Ba7 10. Qe2 Ne5 11. Kh1 d6 12. f4 Neg4 13. Bf3 h5 14. Kg2 e5 15. f5
b5 16. a3 d5 17. exd5 Bxf5 18. d6 Qc8 19. h3 Kf8 20. hxg4 hxg4 21. Be4 Nxe4 22.
Nxe4 Qe6 23. Bg5 f6 24. Nbd2 Kf7 25. Be3 Bxe3 26. Qxe3 Rh5 27. Rh1 Rxh1 28.
Rxh1 Rc8 29. c3 Qd5 30. Re1 Kg6 31. Kg1 Bd7 32. Nf2 Qxd6 33. Nde4 Qc6 34. Rd1
Be6 35. Rd6 Qc4 36. Qd3 Bf5 37. Qxc4 bxc4 38. Rb6 Rd8 39. Rb4 Bxe4 40. Nxe4 Rd3
41. Rxc4 f5 42. Nf2 Rxg3+ 43. Kf1 Rf3 44. Kg2 e4 45. Nxe4 fxe4 46. Rxe4 Kf5 47.
Re2 a5 48. c4 Rf4 49. Rc2 Ke6 50. b4 Kd6 51. Kg3 Rf3+ 52. Kxg4 Rxa3 53. c5+ Kc7
54. b5 Rb3 1/2-1/2

[Event "?"]
[Site "?"]
[Date "2021.09.13"]
[Round "3"]
[White "Савенков, Константин."]
[Black "Худяков, Станислав."]
[Result "0-1"]
[WhiteElo "2331"]
[BlackElo "2284"]
[PlyCount "100"]

1. g3 d5 2. Bg2 Nf6 3. d3 c6 4. f4 Qb6 5. e3 g6 6. Nf3 Bg7 7. O-O O-O 8. Kh1
Ng4 9. d4 Nf6 10. Nbd2 Bf5 11. Ne5 Be4 12. Nxe4 Nxe4 13. f5 Qc7 14. Bxe4 dxe4
15. Qg4 Bxe5 16. dxe5 Nd7 17. fxg6 hxg6 18. e6 Nf6 19. exf7+ Kg7 20. Qg5 Rad8
21. b3 Rd5 22. Qh4 Rh5 23. Qf4 Qxf4 24. exf4 Rd8 25. Re1 Kxf7 26. Kg2 Rhd5 27.
Be3 Ng4 28. Kh3 Nxe3 29. Rxe3 Rh8+ 30. Kg4 Rxh2 31. Rxe4 Rxc2 32. Rh1 Rd7 33.
Rh7+ Kf6 34. Re3 Rcd2 35. a4 e6 36. Rxd7 Rxd7 37. Kf3 Rd5 38. Ke4 e5 39. Kf3
exf4 40. gxf4 Kf5 41. Kg3 Rd1 42. Re5+ Kf6 43. Re3 Rc1 44. Kg4 Rb1 45. Kf3 Rc1
46. Kg4 Rc5 47. Kg3 Kf5 48. Kf3 a5 49. Kg3 b5 50. axb5 cxb5 0-1

[Event "?"]
[Site "?"]
[Date "2021.09.13"]
[Round "3"]
[White "Михайловский, Владимир."]
[Black "Войниконис, Никита."]
[Result "0-1"]
[WhiteElo "2199"]
[BlackElo "2089"]
[PlyCount "74"]

1. e4 c6 2. c4 d5 3. exd5 cxd5 4. cxd5 Nf6 5. Qa4+ Nbd7 6. Nc3 g6 7. Nf3 Bg7 8.
Bc4 O-O 9. d3 a6 10. Qa3 Nb6 11. Qb3 Nxc4 12. dxc4 e6 13. O-O b5 14. cxb5 axb5
15. Bg5 exd5 16. Rad1 Be6 17. Nd4 Qb6 18. Ncxb5 Ne4 19. Be3 Qb7 20. Rb1 Rfb8
21. a4 Qa6 22. f3 Nd2 23. Bxd2 Bxd4+ 24. Kh1 Bg7 25. Qe3 Qxa4 26. Nc7 Rb3 27.
Qe1 Bxb2 28. Nxe6 Bc1 29. Nc5 Bxd2 30. Qd1 Qc4 31. Nxb3 Bc3 32. f4 Ra3 33. Nc1
Ra1 34. f5 Bb2 35. fxg6 Qxf1+ 36. Qxf1 Rxb1 37. gxf7+ Kf8 0-1

[Event "?"]
[Site "?"]
[Date "2021.09.13"]
[Round "3"]
[White "Ахмедов, Давид."]
[Black "Дудин, Глеб."]
[Result "0-1"]
[WhiteElo "2041"]
[BlackElo "2428"]
[PlyCount "78"]

1. e4 c5 2. Nf3 Nc6 3. g3 g6 4. Bg2 Bg7 5. O-O d6 6. c3 e5 7. a3 Nge7 8. b4 O-O
9. d3 h6 10. b5 Nb8 11. Bb2 Be6 12. Nbd2 Nd7 13. a4 Qc7 14. d4 f5 15. Re1 Rae8
16. d5 Bf7 17. c4 Nf6 18. Nh4 fxe4 19. Nxe4 g5 20. Bxe5 Nxe4 21. Bxg7 Kxg7 22.
Bxe4 gxh4 23. Qg4+ Ng6 24. f4 Qc8 25. f5 Re5 26. Bd3 Rxe1+ 27. Rxe1 Re8 28. Re6
Kf8 29. fxg6 Bxe6 30. g7+ Ke7 31. dxe6 Qxe6 32. Qxe6+ Kxe6 33. Bh7 Kf7 34.
g8=Q+ Rxg8 35. Bxg8+ Kxg8 36. gxh4 Kf7 37. Kg2 Ke6 38. Kg3 d5 39. cxd5+ Kxd5
0-1

[Event "?"]
[Site "?"]
[Date "2021.09.13"]
[Round "3"]
[White "Елистратов, Семен."]
[Black "Амирджанян, Владимир."]
[Result "1/2-1/2"]
[WhiteElo "2336"]
[BlackElo "2031"]
[PlyCount "102"]

1. e4 e5 2. Nf3 Nc6 3. Bb5 a6 4. Ba4 Nf6 5. O-O Be7 6. Re1 b5 7. Bb3 d6 8. c3
O-O 9. d3 Na5 10. Bc2 c5 11. Nbd2 h6 12. Nf1 Nc6 13. Ng3 Qc7 14. h3 Be6 15. Bd2
Rfe8 16. Rc1 Rad8 17. Bb1 d5 18. exd5 Bxd5 19. Nf5 Bf8 20. Ne3 Bxf3 21. gxf3
Qd7 22. Ng4 Nxg4 23. hxg4 c4 24. Kg2 cxd3 25. Re3 e4 26. fxe4 Ne5 27. Rg3 Nc4
28. b3 Nxd2 29. Qxd2 Bd6 30. f4 g5 31. e5 gxf4 32. Qxd3 Bxe5 33. Qxd7 Rxd7 34.
Rd3 Red8 35. Rcd1 Rxd3 36. Bxd3 Kg7 37. c4 bxc4 38. bxc4 Kf6 39. Kf3 Kg5 40.
Bc2 Rxd1 41. Bxd1 f5 42. gxf5 Kxf5 43. c5 h5 44. Ba4 Bc7 45. Be8 h4 46. Bd7+
Ke5 47. Kg4 Ke4 48. Kxh4 f3 49. Bc8 a5 50. Kg4 f2 51. Ba6 Kd5 1/2-1/2

[Event "?"]
[Site "?"]
[Date "2021.09.13"]
[Round "3"]
[White "Ба~~алиашвили, Эдуард."]
[Black "Яшметов, Михаил."]
[Result "0-1"]
[WhiteElo "1947"]
[BlackElo "2249"]
[PlyCount "68"]

1. e4 c5 2. Nf3 Nc6 3. Bb5 g6 4. O-O Bg7 5. Re1 e5 6. Bxc6 dxc6 7. h3 Qc7 8. d3
h6 9. Be3 b6 10. Nbd2 Ne7 11. Nc4 Be6 12. Qc1 g5 13. Nfd2 Ng6 14. a4 Qd7 15.
Qd1 Rg8 16. a5 b5 17. Na3 Bf8 18. Kh2 O-O-O 19. f3 Be7 20. g4 h5 21. Rh1 Nf4
22. Kg3 Qc7 23. Qf1 Rd4 24. Bxd4 exd4 25. Kf2 c4 26. Nab1 Qe5 27. Kg1 a6 28.
Kf2 h4 29. Ke1 c3 30. Nb3 Bxb3 31. cxb3 Qc5 32. Rh2 cxb2 33. Ra2 Qc1+ 34. Kf2
Qe3# 0-1